Mecánica industrial

Bibliographic Details
Main Authors: Sokolov, F, Usov, P.
Format: Section = Libro
Language:Undetermined
Spanish
Published: Moscú Mir Moscú 1986
Subjects:
LEADER 00470nam a2200193Ia 4500
008 240829s9999 xx 000 0 und d
040 |a BIBLIOTECA-RUSB/ 620.1 S683 
041 |a spa 
082 |a 620.1 S683 
100 1 |a Sokolov, F  
100 1 |b Usov, P. 
245 1 0 |a Mecánica industrial 
260 |a Moscú  |b Mir Moscú  |c 1986 
300 |a 530 p. :il. 
650 7 |a MECANICA INDUSTRIAL 
650 7 |b  MECANICA APLICADA 
942 |c BK  |2 ddc 
991 |a TEXTO 
999 |c 2710